| 000 | 00960nam a22002417a 4500 | ||
|---|---|---|---|
| 005 | 20110902114435.0 | ||
| 010 | _aG-001270 | ||
| 020 |
_a9789380137025 _c150.00 |
||
| 035 | _aG-001270 | ||
| 037 | _bgift | ||
| 082 | _a371.9044 | ||
| 100 |
_aRao, B.N. Pranesha _934147 |
||
| 245 |
_aDeveloping communication skills with disabilities in children with disabilities / _cby B.N. Pranesha Rao and P. Anjana |
||
| 260 |
_aBangalore _bPustakshakti Publication, _c2008 |
||
| 270 |
_a103, 3rd Main, Tata Silk Farm, Basavanagudi _bBangalore _e560004 _k080-23227458 |
||
| 300 |
_axiii, 151p.: _c23 cm (Hb) |
||
| 500 | _aIncludes bibliographical references | ||
| 650 |
_aChildren with disabilities--Education _934148 |
||
| 700 |
_aAnjana, P. _934146 |
||
| 942 |
_2ddc _cEN _h371.9044 _mRAO |
||
| 999 |
_c56207 _d56207 |
||